| 000 | 00612nam a2200205Ia 4500 | ||
|---|---|---|---|
| 003 | IN-BaIIA | ||
| 008 | 211028s9999 xx 000 0 eng d | ||
| 040 | _cIIA Library | ||
| 080 |
_a535.31 _bHER |
||
| 100 |
_aHerzberger, Max _94512 |
||
| 245 | 0 |
_aModern geometrical optics _cM. Herzberger |
|
| 260 |
_aNew York _bInterscience Publishers _c1958 |
||
| 300 | _axii,504p. | ||
| 490 | _aPure & Applied Mathematics : a Wiley-interscience series of texts, monographs & tracts, 8 | ||
| 650 |
_aGeometrical Optics _92023 |
||
| 650 | _aNASA Thesaurus | ||
| 650 | _aOptics | ||
| 650 | _aPhysical Optics | ||
| 942 | _cBK | ||
| 999 |
_c2529 _d2529 |
||